000 00812cam a22002653a 4500
001 10827
003 PGUSA
005 20140828083229.0
008 040101s2004||||xxu|||||s|||||000 | eng d
040 _aPGUSA
_beng
042 _adc
050 4 _aJC
100 1 _aMachiavelli, Niccolò,
_d1469-1527
245 1 0 _aDiscourses on the First Decade of Titus Livius
_h[electronic resource] /
_cNiccolò Machiavelli
260 _bProject Gutenberg,
_c2004
506 _aPublic domain in the USA.
516 _aElectronic text
653 _aPolitical science -- Early works to 1800
653 _aRome -- Historiography
653 _aLivy. Ab urbe condita
700 1 _aThomson, Ninian Hill,
_d1830-1921
830 0 _aProject Gutenberg
_v10827
856 4 0 _uhttp://www.gutenberg.org/ebooks/10827
942 _cEB
999 _c240082
_d240082